La escuela activa (Registro nro. 77852)
[ vista simple ]
| 000 -LEADER | |
|---|---|
| campo de control de longitud fija | 00600nam a2200193 i 4500 |
| 001 - NÚMERO DE CONTROL | |
| campo de control | 77852 |
| 003 - IDENTIFICADOR DE NÚMERO DE CONTROL | |
| campo de control | ES-MaACL |
| 005 - FECHA Y HORA DE LA ÚLTIMA TRANSACCIÓN | |
| campo de control | 20250815062534.0 |
| 007 - CAMPO FIJO DE DESCRIPCIÓN FÍSICA--INFORMACIÓN GENERAL | |
| campo de control de longitud fija | t| |
| 008 - DATOS DE LONGITUD FIJA--INFORMACIÓN GENERAL | |
| campo de control de longitud fija | 041111s1929 sp ||||1| spa d |
| 080 ## - NÚMERO DE LA CLASIFICACIÓN DECIMAL UNIVERSAL | |
| Número de la Clasificación Decimal Universal | 910.1:37.02 |
| 100 1# - ENTRADA PRINCIPAL--NOMBRE DE PERSONA | |
| Nombre de persona | Dantín Cereceda, Juan, |
| Fechas asociadas al nombre | 1881-1943 |
| 9 (RLIN) | 42666 |
| 245 13 - MENCIÓN DEL TÍTULO | |
| Título | La escuela activa |
| Resto del título | : geografía / |
| Mención de responsabilidad, etc. | por Juan Dantín Cereceda. |
| 260 ## - PUBLICACIÓN, DISTRIBUCIÓN, ETC. | |
| Lugar de publicación, distribución, etc. | Madrid : |
| Nombre del editor, distribuidor, etc. | Publicaciones de la Revista de Pedagogía, |
| Fecha de publicación, distribución, etc. | 1929 ( |
| Fabricante | Tip. Nacional) |
| 300 ## - DESCRIPCIÓN FÍSICA | |
| Extensión | 199 p. ; |
| Dimensiones | 17 cm. |
| 650 07 - PUNTO DE ACCESO ADICIONAL DE MATERIA--TÉRMINO DE MATERIA | |
| Término de materia o nombre geográfico como elemento de entrada | Geografía |
| Fuente del encabezamiento o término | embne |
| 9 (RLIN) | 13070 |
| 852 ## - LOCALIZACIÓN | |
| Ubicación | ES-MaACL |
| Número de control de estantería | E-10336 |
| Sublocalización o colección | R.133691 |
| Estatus retirado | Estado de pérdida | Estado de daño | No para préstamo | Biblioteca de origen | Biblioteca actual | Ubicación en estantería | Fecha de adquisición | Fuente de adquisición | Total de préstamos | Signatura topográfica completa | Código de barras | Visto por última vez | Precio de reemplazo | Tipo de ítem Koha |
|---|---|---|---|---|---|---|---|---|---|---|---|---|---|---|
| Biblioteca del Ateneo de Madrid | Biblioteca del Ateneo de Madrid | Depósito 2 | 17/01/2008 | E-10336 | 1081447 | 23/02/2023 | 23/02/2023 | Libro impreso |
